000 00706nam a22001937a 4500
005 20170522164707.0
010 _aENG-118317-318
020 _a9788131250808 (Set of 2 vols)
_c2250.00 (Set of 2 vols)
035 _aEN-101849-850
037 _bDBAD/PUB
082 _a343.540552
100 _aMittal,J.K.
245 _aLaw, practice & procedure of service tax :
_bas amended by finance act, 2017 /
_cby J.K.Mittal
250 _b33rd ed.
260 _aGurgaon
_bLexis Nexis
_c2017
270 _a14th Floor ,Building N0-10,Tower-B DLF Cyber Cirty,Phase-II
_bGurgaon(Haryana)
_e122002
300 _a2v. (xxiv,1054 [cxi] p.; xxiv,1055-2539p.)
_c24cm (pbk)
942 _2ddc
_cEN
_h343.5405522
999 _c140260
_d140260